| 000 | 00660nam a2200277Ia 4500 | ||
|---|---|---|---|
| 008 | 171120s9999 xx 000 0 und d | ||
| 020 | _a174124031X | ||
| 050 | _a590 | ||
| 050 | _bD366 2002 | ||
| 100 | _aDe Luca, Daniella | ||
| 245 | 4 | _aThe animal atlas / | |
| 245 | _cby Daniella De Luca. | ||
| 260 | _aChina : | ||
| 260 | _bThe Five Mile Press, | ||
| 260 | _c2002 | ||
| 300 | _aunpaged : | ||
| 300 | _bcolor illustrations ; | ||
| 300 | _c33cm. | ||
| 500 | _aIncludes index. | ||
| 650 | _aAnimals -- | ||
| 650 | _aAnimals. | ||
| 650 | _xJuvenile literature. | ||
| 700 | _aMcRae, Anne. | ||
| 700 | _aNardi, Marco. | ||
| 700 | _aTitle. | ||
| 999 |
_c345078 _d345078 |
||